[Event "Diamond Cement GM Open 2018"]
[Site "Chittagong"]
[Date "2018.09.08"]
[Round "9"]
[White "Lalith Babu M R"]
[Black "Neelash Saha"]
[Result "1-0"]
[WhiteElo "2527"]
[BlackElo "2373"]
[Annotator "TA"]
[PlyCount "65"]
[EventDate "2018.09.02"]
[EventCountry "BAN"]
[SourceTitle "playchess.com"]
[Source "ChessBase"]
[SourceQuality "1"]

{[%evp 15,65,0,14,-20,0,0,58,39,46,47,164,137,202,148,193,170,174,133,144,136,136,122,152,124,125,91,82,86,77,80,95,109,162,179,215,205,226,220,200,207,287,291,309,303,313,291,488,466,1012,1012,29983,29984]} 1. d4 Nf6 2. c4 e6 3. Nf3 d5 4. Nc3 Bb4 5. Bg5 h6 6. Bh4 g5 7. Bg3 Ne4 {D38: Queen's Gambit Declined: Ragozin Defence (4 Nf3 Bb4)} 8. Qc2 h5 {LiveBook: 4 Games} 9. h4 (9. h3 Nc6 10. e3 Bxc3+ 11. bxc3 Nxg3 12. fxg3 Qd6 13. Qf2 Qa3 14. Qc2 Qd6 15. Qf2 Qa3 16. Qc2 {½-½ (16) Grischuk,A (2767)-Mamedyarov,S (2809) Berlin 2018}) 9... Nxg3 {The position is equal.} 10. fxg3 Bd6 $146 ({Don't play} 10... dxc4 11. hxg5 Nd7 12. g4 $1 $16 {[%mdl 512]}) (10... g4 $11 11. Ne5 Nd7) ({Predecessor:} 10... g4 11. Ne5 c6 12. e4 Nd7 13. exd5 Nxe5 14. dxe5 Qa5 15. Bd3 Bxc3+ 16. bxc3 Qc5 17. Qd2 exd5 18. cxd5 Qxd5 19. O-O Be6 20. Qe3 O-O-O 21. Bf5 {½-½ (21) Naumkin,I (2440)-Kovacevic,V (2515) Belgrade 1988}) 11. O-O-O g4 $1 {[%cal Rg4f3]} 12. Ne5 c6 (12... Nd7 $14) 13. cxd5 $1 $18 cxd5 (13... Bxe5 $16 14. dxe5 Qb6) 14. e4 Nc6 15. exd5 exd5 16. Bb5 O-O 17. Nxc6 bxc6 18. Bxc6 Rb8 19. Bxd5 {Hoping for Qg6+.} Kg7 20. Bb3 Bxg3 21. Kb1 f5 22. Ne2 Bd6 23. d5 $1 Be5 {[#]} (23... Qf6 $16) 24. Nd4 $1 {[%cal Rd4c6]} Bxd4 25. Rxd4 {[%cal Bd1d4,Bd4c4,Bc4c7][%mdl 32]} Rb6 26. Qc3 {Threatening mate with Rxg4+.} Kg6 27. Rc4 $40 {[%mdl 128] White attacks with force.} Bb7 28. Rc7 {[%csl Gc7][%cal Rc3g7]} Qf6 29. Qc5 Rd8 30. Rd1 a6 $2 (30... Ba6 31. Qe3 Bb7) 31. Qc1 {Threatens to win with Re1.} Rdd6 (31... Rxb3 $142 32. axb3 Bxd5) 32. Re1 {White wants to mate with Ree7.} Bxd5 {[#]} 33. Ree7 $1 {Precision: White = 82%, Black = 45%.} 1-0

[Event "Diamond Cement GM Open 2018"]
[Site "Chittagong"]
[Date "2018.09.08"]
[Round "9"]
[White "Barua, Dibyendu"]
[Black "Rahman, Syed Mahfuzur"]
[Result "*"]
[WhiteElo "2443"]
[BlackElo "2201"]
[Annotator "TA"]
[PlyCount "105"]
[EventDate "2018.09.02"]
[EventCountry "BAN"]
[SourceTitle "playchess.com"]
[Source "ChessBase"]
[SourceQuality "1"]

{[%evp 27,105,3,9,0,0,0,0,0,0,-10,-17,-20,-29,-35,-33,-36,-32,-36,-33,-28,-27,-51,-43,-36,-34,-48,-37,-40,-31,-38,-37,-35,-33,-32,-25,-37,-23,-51,0,-11,0,0,0,0,0,0,0,0,0,0,0,0,0,0,1,1,1,1,1,1,1,0,0,-12,-13,-13,-16,-18,-18,-81,-11,-11,-11,-11,-11,-11,-11,-11,-11,-11]} 1. e4 c5 2. Nf3 Nc6 3. d4 cxd4 4. Nxd4 Nf6 5. Nc3 e5 6. Ndb5 {[%cal Bd4b5,Bb5a3,Ba3c2,Bc2e3,Be3d5][%mdl 32]} d6 7. Bg5 a6 8. Na3 b5 9. Nd5 Be7 10. Bxf6 Bxf6 11. c3 Bg5 12. Nc2 Rb8 13. a3 O-O {B33: Sicilian: Pelikan and Sveshnikov Variations} (13... a5 14. Bd3 Ne7 15. Nxe7 Qxe7 16. Qe2 Qb7 17. O-O O-O 18. b4 Qc7 19. bxa5 Qxa5 20. Nb4 Bd7 21. c4 {½-½ (42) Hou,Y (2658)-Muzychuk,A (2550) Baku 2016}) 14. h4 Bh6 {LiveBook: 10 Games} 15. Nce3 Ne7 {[#]} 16. Nxe7+ $146 ({Predecessor:} 16. Bd3 Be6 17. Qh5 Bxe3 18. Nxe3 a5 19. b4 Qc7 20. Rc1 Rfd8 21. O-O {1-0 (49) Barua,D (2535)-Shankar,R (2335) Kolkata 1997}) 16... Qxe7 17. Nd5 Qe6 18. g3 Bb7 19. Bh3 f5 20. O-O Qf7 21. Bg2 Bxd5 22. Qxd5 Qxd5 23. exd5 g6 24. Rfd1 Rfc8 25. Bf1 a5 26. Be2 Rc5 27. f3 Rc7 28. Kf2 Kf7 29. h5 Bg7 30. hxg6+ hxg6 31. Rh1 Rc5 32. Rad1 Re8 33. g4 e4 34. gxf5 gxf5 35. fxe4 Rxe4 36. Bf3 Re7 37. Rh5 Kf6 38. Rg1 {[#] Threatens to win with Rhg5.} b4 39. axb4 axb4 40. Rhg5 Rcc7 41. Rg6+ Ke5 42. Kg3 {[%cal Rg1e1] [#]} bxc3 43. bxc3 {[%cal Rg1e1]} f4+ 44. Kf2 {[%cal Rg1g5]} Bf6 45. Rh1 {Rh5+ would kill now.} Kf5 46. Rg8 {Black must now prevent Rh5+.} Rh7 47. Bg4+ Ke5 48. Rd1 (48. Rxh7 $11 Rxh7 49. Kf3) 48... Rxc3 (48... Bh4+ $17 49. Kf1 Rxc3 50. Re8+ Kf6 51. Rf8+ Kg5 52. Rg8+ Kh6) 49. Re8+ $11 {The position is equal.} Be7 50. Re1+ Re3 $1 51. Rxe3+ fxe3+ 52. Kxe3 Kxd5 53. Ra8 {Precision: White = 58%, Black = 64%.} *

[Event "Diamond Cement GM Open 2018"]
[Site "Chittagong"]
[Date "2018.09.08"]
[Round "9"]
[White "Dhulipalla Bala Chandra Prasa"]
[Black "Murshed, Niaz"]
[Result "1/2-1/2"]
[WhiteElo "2352"]
[BlackElo "2408"]
[Annotator "ChessBase"]
[PlyCount "48"]
[EventDate "2018.09.02"]
[EventCountry "BAN"]
[SourceTitle "playchess.com"]
[Source "ChessBase"]
[SourceQuality "1"]

1. d4 Nf6 2. c4 g6 3. g3 Bg7 4. Bg2 c5 5. dxc5 Na6 6. Nc3 Nxc5 7. Nf3 O-O 8. O-O d6 9. Nd4 Ne6 10. e3 Rb8 11. b3 a6 12. Bb2 Nxd4 13. Qxd4 Bd7 14. Rfd1 Bc6 15. Nd5 Bxd5 16. Bxd5 Ne8 17. Qd2 Bxb2 18. Qxb2 Qc7 19. Rac1 a5 20. a3 Nf6 21. b4 b6 22. Bg2 Rfc8 23. Bh3 Rd8 24. Bg2 Rdc8 1/2-1/2

[Event "Diamond Cement GM Open 2018"]
[Site "Chittagong"]
[Date "2018.09.08"]
[Round "9"]
[White "Mohammad Minhaz Uddin"]
[Black "Mohammad Fahad, Rahman"]
[Result "1-0"]
[WhiteElo "2328"]
[BlackElo "2263"]
[Annotator "ChessBase"]
[PlyCount "50"]
[EventDate "2018.09.02"]
[EventCountry "BAN"]
[SourceTitle "playchess.com"]
[Source "ChessBase"]
[SourceQuality "1"]

1. e4 e5 2. Nf3 Nc6 3. d4 exd4 4. Nxd4 Nf6 5. Nc3 Bb4 6. Nxc6 bxc6 7. Bd3 d5 8. exd5 O-O 9. O-O cxd5 10. Bg5 c6 11. Qf3 Bd6 12. Bxf6 Qxf6 13. Qxf6 gxf6 14. Ne2 Rb8 15. b3 c5 16. c4 d4 17. Ng3 Bxg3 18. hxg3 {a5Rfe1 [%clk 1:12:25] Be6Kf1 [%clk 1:12:25] a4Reb1 [%clk 1:12:25]} Rb4 {Ke2 [%clk 1:12:25] Rfb8 [%clk 1:19:35]} 19. Bc2 Bg4 {Kd2 [%clk 1:12:25] Rd8 [%clk 1:19:35]} 20. a3 Rb6 21. b4 d3 22. Ba4 Re6 {Re1 [%clk 0:37:46] Re2+ [%clk 0:26:00] Rxe2 [%clk 0:37:46] dxe2+ [%clk 0:26:00] Ke1 [%clk 0:37:46] Be6 [%clk 0:26:00] Rc1 [%clk 0:37:46] Rd3 [%clk 0:26:00]} 23. bxc5 {Rxa3 [%clk 0:26:00] Bc6 [%clk 0:37:46] Ra5 [%clk 0:26:00] Kxe2 [%clk 0:37:46] Rxc5 [%clk 0:26:00] Bb5 [%clk 0:07:55] Kf8 [%clk 0:03:10] Kd3 [%clk 0:08:17] Ke7 [%clk 0:03:27] f4 [%clk 0:07:10] Kd6 [%clk 0:02:26] Ra1 [%clk 0:07:06] Rc8Kd4 [%clk 0:07:06] Rg8 [%clk 0:00:00] Ra7 [%clk 0:07:35] Bc8 [%clk 0:01:44] c5+ [%clk 0:06:13] Ke6 [%clk 0:02:08] Bc4+ [%clk 0:02:28] Kf5 [%clk 0:02:32]} Ra8 {Rd8+ [%clk 0:01:35] Kc3 [%clk 0:02:55] Rg8 [%clk 0:00:45] Ba6 [%clk 0:01:23] Rxg3+ [%clk 0:00:59] Bd3+ [%clk 0:01:52] Kxf4 [%clk 0:01:19] Rxc8 [%clk 0:02:19] Rxg2 [%clk 0:01:33]} 24. c6 {Ra2 [%clk 0:01:37]} Rb8 {Ra3+ [%clk 0:01:30] Kd4 [%clk 0:02:23] Ra7 [%clk 0:01:32] Rb7 [%clk 0:02:38] Ra8 [%clk 0:01:57]} 25. c7 Rc8 {Kd5 [%clk 0:03:17] h5 [%clk 0:02:45] Ba6 [%clk 0:02:57] Kg5 [%clk 0:02:43] Ra7 [%clk 0:03:12] Rxc7 [%clk 0:03:03] Rxc7 [%clk 0:03:40] h4 [%clk 0:03:25]} 1-0

[Event "Diamond Cement GM Open 2018"]
[Site "Chittagong"]
[Date "2018.09.08"]
[Round "9"]
[White "Islam, Kh  Aminul"]
[Black "Rahman, Ziaur"]
[Result "0-1"]
[WhiteElo "2273"]
[BlackElo "2477"]
[Annotator "TA"]
[PlyCount "92"]
[EventDate "2018.09.02"]
[EventCountry "BAN"]
[SourceTitle "playchess.com"]
[Source "ChessBase"]
[SourceQuality "1"]

{[%evp 13,92,26,41,39,44,0,9,0,0,0,0,-27,-14,-35,-29,-34,-22,-22,-14,-12,0,0,-2,-14,-17,-29,-33,-29,0,0,37,7,27,0,0,0,59,9,14,-23,0,0,9,13,27,0,20,-33,-17,-20,-18,-43,-34,-58,-77,-97,-44,-58,0,0,0,0,0,18,15,6,7,-6,56,-43,-18,-14,-14,-216,-206,-515,-508,-1468,-1452,-1431,-1416]} 1. d4 g6 2. e4 Bg7 3. c3 d6 4. Nf3 Nf6 5. Bd3 O-O 6. h3 Nbd7 7. O-O e5 8. Re1 {B07: Pirc Defence: Miscellaneous Systems} Re8 (8... b6 9. Nbd2 Bb7 10. a4 a6 11. Nf1 Re8 12. Ng3 d5 13. Bg5 h6 14. Bxf6 Bxf6 15. exd5 exd4 16. Rxe8+ Qxe8 {1-0 (50) Salem,A (2656)-Onischuk,V (2601) Doha 2016}) 9. dxe5 dxe5 $146 ({Predecessor:} 9... Nxe5 10. Nxe5 dxe5 11. Na3 Qe7 12. Qf3 Bd7 13. Bg5 h6 14. Bxf6 Bxf6 15. Nc4 Rad8 {0-1 (53) Cao,S (2407)-Dang,H (2325) Vietnam 2016}) 10. Bc2 {The position is equal.} Qe7 11. Nbd2 b6 12. Nf1 Bb7 13. Ng3 Nc5 14. Bd2 Rad8 15. Qb1 Ba6 16. Be3 Nd3 17. Rd1 {[%cal Rc2d3]} Nf4 18. Rxd8 Rxd8 19. Kh2 h5 {[%cal Bh7h5,Bh5h4][%mdl 32]} 20. a4 h4 21. Nf1 {[%cal Bg3f1,Bf1h2,Bh2g4][%mdl 32]} Bc8 (21... Nh7 {is interesting.} 22. N1d2 Ng5 23. a5 Nxf3+ 24. Nxf3 Be2) 22. Kh1 Ne8 23. N1h2 Nd6 24. Qf1 Bb7 (24... Be6 $11) 25. Nd2 (25. Bxf4 $5 exf4 26. e5 $11) 25... Ne6 26. Re1 a5 27. Qe2 Bf6 28. Ng4 Bg7 29. Nh2 Bc8 30. Bb3 (30. Ndf3 $11) 30... Nb7 $15 31. Bc4 Nbc5 32. b3 Bb7 33. Qg4 Nd3 34. Rf1 Bc8 (34... Nef4 $17 35. Kg1 Kh8) 35. Qf3 Ndf4 (35... Nef4 $15) 36. Qd1 $1 $11 Ng5 37. Qc2 Bb7 38. Nhf3 Nxf3 39. Nxf3 Qf6 $36 {[%mdl 2048] Black fights for an advantage.} 40. Kh2 Bf8 (40... g5 $11) 41. Re1 (41. g3 $1 $14 Ne6 42. Nxh4) 41... Bc5 42. Bxc5 bxc5 43. Kh1 $2 {[#]} (43. Qc1 $11 {and White has nothing to worry.}) 43... Nxh3 $1 $19 {[%mdl 512]} 44. gxh3 $2 (44. Nxe5 Nxf2+ 45. Kg1 Nh3+ 46. gxh3 Qxe5 47. Qf2) 44... Qxf3+ {Black is clearly winning.} 45. Kh2 (45. Kg1 $142 Qxh3 46. Qe2) 45... Qf4+ 46. Kg2 Rd2 {Precision: White = 30%, Black = 57%.} 0-1

[Event "Diamond Cement GM Open 2018"]
[Site "Chittagong"]
[Date "2018.09.08"]
[Round "9"]
[White "Ahmed, Sk  Nasir"]
[Black "Mehdi Hasan Parag"]
[Result "1/2-1/2"]
[WhiteElo "2249"]
[BlackElo "2180"]
[Annotator "NA"]
[PlyCount "121"]
[EventDate "2018.09.02"]
[EventCountry "BAN"]
[SourceTitle "playchess.com"]
[Source "ChessBase"]
[SourceQuality "1"]

1. c4 Nf6 2. g3 e6 3. Bg2 d5 4. Nf3 Be7 5. O-O O-O 6. b3 c5 7. cxd5 Nxd5 8. Bb2 Nc6 9. d4 cxd4 10. Nxd4 $11 {LiveBook: 63 Games} Bd7 11. Nc3 Nxc3 12. Bxc3 Rc8 13. Rc1 a6 14. Qd2 Nxd4 15. Bxd4 Bc6 16. Bxc6 bxc6 17. Qc3 Bf6 18. Rfd1 Qe7 19. Qa5 Qb7 20. Qb6 Qxb6 21. Bxb6 Rfe8 22. Rd6 h6 23. Rdxc6 Ra8 24. R6c4 Re7 25. Ra4 Rd7 26. Be3 a5 27. b4 Bd4 28. Bxd4 Rxd4 29. a3 Rd5 30. e4 Re5 31. f3 f5 32. Rc5 Rxc5 33. bxc5 fxe4 34. Rxe4 Rc8 35. Rc4 Kf7 36. Kf2 Kf6 37. Ke3 Ke5 38. Kd3 Rc6 39. Rg4 Rxc5 40. Rxg7 Rb5 41. Kc4 Rb2 42. h4 Kf6 43. Rg4 h5 44. Rg5 a4 45. Rxh5 Rb3 46. g4 Rxa3 47. Kb4 Rxf3 48. g5+ Kg7 49. Kxa4 Rc3 50. Rh6 e5 51. Kb4 Rc1 52. h5 e4 53. Re6 Rg1 54. Re7+ Kf8 55. Re5 e3 56. g6 Rh1 57. Kc5 e2 58. Rxe2 Rxh5+ 59. Kd6 Kg7 60. Rg2 Rh6 61. Rg4 1/2-1/2

[Event "Diamond Cement GM Open 2018"]
[Site "Chittagong"]
[Date "2018.09.08"]
[Round "9"]
[White "Abu Sufian, Shakil"]
[Black "Mollah Abdullah, Al Rakib"]
[Result "*"]
[WhiteElo "2247"]
[BlackElo "2472"]
[Annotator "TA"]
[PlyCount "24"]
[EventDate "2018.09.02"]
[EventCountry "BAN"]
[SourceTitle "playchess.com"]
[Source "ChessBase"]
[SourceQuality "1"]

{[%evp 11,24,78,83,63,95,83,88,95,92,91,97,62,75,43,42]} 1. e4 e5 2. Nf3 Nc6 3. Bb5 Nge7 4. Nc3 d6 5. d4 Bd7 6. d5 {C62: Spanische Partie (Steinitz-Verteidigung)} (6. dxe5 dxe5 7. O-O Ng6 8. Bc4 Be7 9. Nd5 O-O 10. Nxe7+ Qxe7 11. Bg5 Qe8 12. c3 Be6 13. Bxe6 Qxe6 {0-1 (37) Bacrot,E (2722)-Thorfinnsson,B (2400) chess.com INT 2018}) 6... Nb8 {LiveBook: 9 Partien} 7. Be2 g6 8. Be3 {Weiß steht besser.} Bg7 $146 ({Vorgänger:} 8... c6 9. dxc6 Nbxc6 10. Qxd6 Nf5 11. Qd2 Nxe3 12. Qxe3 Bg7 13. O-O-O Qe7 14. Nb5 {1-0 (23) Bilczewska,O (1284)-Chwalinska,A Borowice 2012}) 9. h4 {[%cal Bh2h4,Bh4h5][%mdl 32]} h6 10. h5 g5 11. Nh2 f5 12. exf5 Nxf5 *

[Event "Diamond Cement GM Open 2018"]
[Site "Chittagong"]
[Date "2018.09.08"]
[Round "9"]
[White "Rahman, Taibur"]
[Black "Anata, Choudhury"]
[Result "1-0"]
[WhiteElo "2217"]
[BlackElo "2109"]
[Annotator "ChessBase"]
[PlyCount "87"]
[EventDate "2018.09.02"]
[EventCountry "BAN"]
[SourceTitle "playchess.com"]
[Source "ChessBase"]
[SourceQuality "1"]

1. d4 Nf6 2. c4 g6 3. Nc3 d5 4. cxd5 Nxd5 5. e4 Nxc3 6. bxc3 Bg7 7. Qa4+ Nd7 8. Be3 O-O 9. Nf3 c5 10. Be2 a6 11. O-O e6 12. Rfd1 b5 13. Bxb5 Nb6 14. Qb3 cxd4 15. Be2 Bd7 16. Bxd4 Bxd4 17. Rxd4 Qc7 18. Rb1 Rab8 19. Rb4 Ba4 20. Qb2 Nd7 21. Bxa6 Bc6 22. Bb5 Rxb5 23. Rxb5 Bxe4 24. Rd1 Bxf3 25. gxf3 Ne5 26. Qe2 Nc4 27. Rb4 Nb6 28. c4 Nd7 29. Qe4 Nf6 30. Qd4 Nh5 31. Qd6 Qa7 32. a4 Ng7 33. c5 Nf5 34. Qe5 Ne7 35. Rc4 Nc6 36. Qg5 e5 37. Qf6 Nd4 38. Kg2 Qb8 39. c6 Qb3 40. Rdxd4 exd4 41. Qxd4 Qb8 42. c7 Qc8 43. Qd6 Re8 44. Rb4 1-0

[Event "Diamond Cement GM Open 2018"]
[Site "Chittagong"]
[Date "2018.09.08"]
[Round "9"]
[White "Subrota, Biswas"]
[Black "Rajbhandari, Rijendra"]
[Result "0-1"]
[WhiteElo "2168"]
[BlackElo "1937"]
[Annotator "NA"]
[PlyCount "107"]
[EventDate "2018.09.02"]
[EventCountry "BAN"]
[SourceTitle "playchess.com"]
[Source "ChessBase"]
[SourceQuality "1"]

1. d4 Nf6 2. Nf3 d5 3. c4 c6 4. e3 e6 5. Nc3 Nbd7 6. Qc2 Bd6 7. b3 O-O 8. Bb2 b6 $11 {LiveBook: 102 Partien} 9. Bd3 Bb7 10. O-O Rc8 11. e4 dxe4 12. Nxe4 Nxe4 13. Bxe4 Nf6 14. Bd3 h6 15. Rad1 c5 16. Qe2 Qe7 17. Rfe1 cxd4 18. Nxd4 Rfe8 19. Nc2 e5 20. Ne3 Bb4 21. Rf1 g6 22. Ng4 Nxg4 23. Qxg4 h5 24. Qg3 Kh7 25. Qh3 Qg5 26. f3 Rcd8 27. Bc1 Bc5+ 28. Kh1 Be3 29. Bxe3 Qxe3 30. Bb1 Rxd1 31. Rxd1 Rd8 32. Rg1 Kg7 33. Qh4 Rd2 34. Qe1 Re2 35. Qc1 Qf2 36. Qf1 Qxf1 37. Rxf1 g5 38. Kg1 Rb2 39. Be4 Bxe4 40. fxe4 Rxa2 41. Rb1 Re2 42. Ra1 Rxe4 43. Rxa7 Re3 44. b4 Rb3 45. b5 Rb4 46. Rc7 Rb2 47. Rc6 Rc2 48. Rxb6 Rxc4 49. Kf2 Rc3 50. Rb8 Kg6 51. b6 Rb3 52. Ke2 Kf5 53. b7 h4 54. Kd2 0-1

[Event "Diamond Cement GM Open 2018"]
[Site "Chittagong"]
[Date "2018.09.08"]
[Round "9"]
[White "Subramaniam, Sumant"]
[Black "Mohammed Abdul, Malek"]
[Result "0-1"]
[WhiteElo "2103"]
[BlackElo "2186"]
[Annotator "ChessBase"]
[PlyCount "112"]
[EventDate "2018.09.02"]
[EventCountry "BAN"]
[SourceTitle "playchess.com"]
[Source "ChessBase"]
[SourceQuality "1"]

1. Nf3 d5 2. g3 Nf6 3. Bg2 c6 4. d4 Bf5 5. c4 e6 6. Nc3 Nbd7 7. Qb3 Qc8 8. cxd5 exd5 9. Bf4 b6 10. Rc1 Qb7 11. Ne5 Rc8 12. O-O Be6 13. Nxc6 Rxc6 14. Nb5 Bc5 15. Nc7+ Rxc7 16. Bxc7 Qxc7 17. dxc5 bxc5 18. f4 d4 19. Qa4 Bd5 20. Bxd5 Nxd5 21. e4 Ne3 22. Qxd4 cxd4 23. Rxc7 Ke7 24. Rf2 a5 25. Rd2 Kd6 26. Rc3 Ng4 27. Rxd4+ Ke7 28. Rc7 Rd8 29. Ra7 Ke8 30. Rxa5 Rc8 31. h3 Rc1+ 32. Kg2 Rc2+ 33. Kf3 Nh2+ 34. Ke3 Nc5 35. Ra8+ Ke7 36. Ra7+ Ke6 37. Rb4 Nf1+ 38. Kd4 Nd7 39. Rbb7 Rd2+ 40. Kc3 f6 41. b4 Rd6 42. g4 Ng3 43. e5 fxe5 44. fxe5 Nxe5 45. Re7+ Kf6 46. Rxg7 Ne4+ 47. Kb3 Rd3+ 48. Kb2 Nc4+ 49. Kc2 Rc3+ 50. Kd1 Ke5 51. Rxh7 Kf4 52. Rae7 Nb2+ 53. Ke2 Rc2+ 54. Kf1 Nd2+ 55. Kg2 Nf3+ 56. Kf1 Kg3 0-1

[Event "Diamond Cement GM Open 2018"]
[Site "Chittagong"]
[Date "2018.09.08"]
[Round "9"]
[White "Ghosh, Chanchal Kumer"]
[Black "Nik, Nik Ahmad Farouqi"]
[Result "1-0"]
[WhiteElo "2046"]
[BlackElo "2090"]
[Annotator "NA"]
[PlyCount "55"]
[EventDate "2018.09.02"]
[EventCountry "BAN"]
[SourceTitle "playchess.com"]
[Source "ChessBase"]
[SourceQuality "1"]

1. e4 e6 2. Nf3 d5 3. Nc3 d4 4. Ne2 c5 5. c3 dxc3 6. bxc3 Nf6 {C00: French: Unusual White 2nd moves} 7. Ng3 {LiveBook: 7 Games} h5 8. h4 $146 ({Predecessor:} 8. e5 h4 9. Ne4 Nxe4 10. Qa4+ Bd7 11. Qxe4 Bc6 12. Qf4 h3 13. g4 Nd7 14. Bd3 {1-0 (59) Sturt,R (2259)-Ippolito,D (2395) Arlington 2015}) 8... Nc6 9. d4 cxd4 10. cxd4 Be7 11. Be2 a6 12. O-O Ng4 13. d5 exd5 14. exd5 Nb4 15. Bc4 b5 16. Bb3 $18 a5 17. a3 Na6 18. Bg5 f6 19. Bf4 g5 20. hxg5 fxg5 21. Qd3 gxf4 22. Qg6+ Kf8 23. d6 Qe8 24. dxe7+ Qxe7 25. Rae1 Ne3 26. fxe3 Nc5 27. Ng5 Nxb3 28. Rxf4+ 1-0

[Event "Diamond Cement GM Open 2018"]
[Site "Chittagong"]
[Date "2018.09.08"]
[Round "9"]
[White "Dhar-Barua, Saheli"]
[Black "Md., Sharif Hossain"]
[Result "1/2-1/2"]
[WhiteElo "2027"]
[BlackElo "2182"]
[Annotator "NA"]
[PlyCount "80"]
[EventDate "2018.09.02"]
[EventCountry "BAN"]
[SourceTitle "playchess.com"]
[Source "ChessBase"]
[SourceQuality "1"]

1. e4 c5 2. Nf3 d6 3. d4 cxd4 4. Nxd4 Nf6 5. Nc3 g6 6. Be3 Bg7 7. f3 Nc6 8. Qd2 O-O 9. Bc4 Nd7 10. h4 Nb6 11. Bb3 Na5 {B77: Sicilian Dragon: Yugoslav Attack, 9 Bc4 sidelines} 12. h5 {LiveBook: 6 Partien} (12. Qd3 Bd7 13. h5 Nxb3 14. axb3 a5 15. hxg6 fxg6 16. Bh6 Bxh6 17. Rxh6 Rf7 18. O-O-O a4 19. e5 Qf8 20. Rdh1 dxe5 21. Qxg6+ Qg7 22. Qxg7+ {½-½ (22) Volokitin,A (2654)-Tiviakov,S (2663) Sochi 2007}) 12... Nbc4 13. Qf2 Nxe3 14. Qxe3 Qb6 $146 ({Predecessor:} 14... Bd7 15. hxg6 hxg6 16. O-O-O Rc8 17. Kb1 Nc4 18. Qf4 Re8 19. Rh7 {1-0 (39) Durarbayli,V (2501)-Arenas Vanegas,D (2364) Chotowa 2010}) 15. Nd5 Qxd4 16. Nxe7+ Kh8 17. Qxd4 Bxd4 18. hxg6 fxg6 19. Nxg6+ Kg7 20. Nxf8 Nxb3 21. cxb3 h6 22. Rc1 $18 Bc5 23. Kd1 Kxf8 24. Rxh6 Kg7 25. Rh5 b6 26. b4 Bxb4 27. Rc7+ Kg8 28. Rhh7 a5 29. g4 Be6 30. Rcg7+ Kf8 31. Rg6 Bxa2 32. g5 Re8 33. Rf6+ Kg8 34. Rb7 Rc8 35. Rg6+ Kf8 36. Rf6+ Kg8 37. Rg6+ Kh8 38. Rh6+ Kg8 39. Rg6+ Kf8 40. Rf6+ Kg8 1/2-1/2

[Event "Diamond Cement GM Open 2018"]
[Site "Chittagong"]
[Date "2018.09.09"]
[Round "10"]
[White "Mollah Abdullah, Al Rakib"]
[Black "Dhulipalla Bala Chandra Prasa"]
[Result "1/2-1/2"]
[WhiteElo "2472"]
[BlackElo "2352"]
[Annotator "TA"]
[PlyCount "54"]
[EventDate "2018.09.02"]
[EventCountry "BAN"]
[SourceTitle "playchess.com"]
[Source "ChessBase"]
[SourceQuality "1"]

{[%evp 10,54,17,0,0,0,0,0,0,0,2,-27,-8,-13,-10,-3,-1,-45,-46,-43,-29,-51,-42,-61,-56,-60,-60,-73,-20,-52,-49,-50,-46,-60,0,0,0,0,0,0,0,0,0,-116,0,0,0]} 1. d4 d5 2. c4 c6 3. Nf3 Nf6 4. Qb3 dxc4 5. Qxc4 Bg4 6. Nbd2 (6. Nc3 {is interesting.} Nbd7 7. e4 Bxf3 8. gxf3 e5 9. Be3) 6... Nbd7 {D23: Queen's Gambit Accepted: 3 Nf3 Nf6 sidelines} 7. g3 e6 8. Bg2 Be7 9. O-O O-O 10. Nb3 (10. b3 Qa5 11. Bb2 Rac8 12. Rfd1 Rfd8 13. h3 Bh5 14. Qc1 {0-1 (56) Le,Q (2737)-Mamedov,R (2709) Riadh 2017}) 10... a5 11. Ne5 Bh5 12. Nxd7 Nxd7 {[%cal Bf6d7,Bd7b6,Bb6d5][%mdl 32]} 13. Bf4 Nb6 14. Qd3 Nd5 $146 15. Bd2 a4 16. Nc5 b6 17. Ne4 a3 18. Rab1 Bg6 (18... axb2 $17 19. Rxb2 Ra3) 19. Qc4 Nf6 20. Nxf6+ Bxf6 21. Bb4 Qxd4 (21... c5 $1 $15 22. Bxa8 Qxa8 23. Bxa3 Bxb1 24. Rxb1 Bxd4) 22. Qxd4 $11 Bxd4 23. Bxf8 Kxf8 24. Bxc6 Rc8 25. Rbd1 $1 {[%cal Rd1d4]} axb2 ({Much worse is} 25... Rxc6 $6 26. Rxd4 axb2 27. e4 $16) 26. Bb5 (26. Rxd4 $11 b1=Q 27. Rxb1 Bxb1 28. Rb4) 26... b1=Q (26... e5 $17 {aiming for ...Bc2.} 27. Bd3 Bh5) 27. Rxb1 Bxb1 {Precision: White = 70%, Black = 64%.} 1/2-1/2

[Event "Diamond Cement GM Open 2018"]
[Site "Chittagong"]
[Date "2018.09.09"]
[Round "10"]
[White "Mollah Abdullah, Al Rakib"]
[Black "Dhulipalla Bala Chandra Prasa"]
[Result "*"]
[WhiteElo "2472"]
[BlackElo "2352"]
[Annotator "TA"]
[PlyCount "27"]
[EventDate "2018.09.02"]
[EventCountry "BAN"]
[SourceTitle "playchess.com"]
[Source "ChessBase"]
[SourceQuality "1"]

{[%evp 19,20,-7,-22]} 1. d4 d5 2. c4 c6 3. Nf3 Nf6 4. Qb3 dxc4 5. Qxc4 Bg4 6. Nbd2 Nbd7 {D23: Queen's Gambit Accepted: 3 Nf3 Nf6 sidelines} 7. g3 e6 8. Bg2 Be7 9. O-O O-O 10. Nb3 a5 {LiveBook: 5 Games} {Predecessor:} 11. Bg5 $146 h6 12. Bxf6 Bxf6 13. e3 Bxf3 14. Bxf3 {½-½ (25) Dreev,A (2694)-Malakhov,V (2670) Benidorm 2005} *

[Event "Diamond Cement GM Open 2018"]
[Site "Chittagong"]
[Date "2018.09.09"]
[Round "10"]
[White "Murshed, Niaz"]
[Black "Neelash Saha"]
[Result "1-0"]
[WhiteElo "2408"]
[BlackElo "2373"]
[Annotator "TA"]
[PlyCount "41"]
[EventDate "2018.09.02"]
[EventCountry "BAN"]
[SourceTitle "playchess.com"]
[Source "ChessBase"]
[SourceQuality "1"]

{[%evp 16,41,58,50,69,70,96,86,84,98,138,128,173,163,293,279,422,395,789,785,772,743,762,618,885,869,835,825]} 1. d4 e6 2. Nf3 c5 3. g3 Nf6 4. Bg2 d5 5. c4 cxd4 6. O-O dxc4 7. Nxd4 Bc5 8. Qa4+ Nbd7 9. Qxc4 {LiveBook: 4 Games. E02: Open Catalan: 5 Qa4+} Qe7 $146 ({Predecessor:} 9... O-O 10. Nc3 a6 11. Nb3 Ba7 12. Rd1 h6 13. Bd2 Rb8 14. Rac1 b5 15. Qb4 Bb6 16. Bf4 a5 {0-1 (50) Gelfand,B (2777)-Aronian,L (2812) Zuerich 2014}) 10. Nb3 Bb6 11. Bd2 {White is better.} Nd5 12. Nc3 N7f6 13. e4 ({Much less strong is} 13. Nxd5 $6 exd5 14. Qb4 (14. Bxd5 Nxd5 15. Qxd5 O-O $14) 14... Ne4 $14) 13... Nc7 14. Na4 $36 {[%mdl 2048] White is on the roll.} Bd7 (14... Na6 $142 15. Nxb6 axb6 16. Qb5+ Bd7 17. Qxb6 Bc6) 15. Bb4 $18 Bb5 (15... Qd8 $142) 16. Qc3 ({Less strong is} 16. Bxe7 Bxc4 17. Rfc1 (17. Nxb6 axb6 18. Rfc1 Kxe7 $16) 17... Kxe7 $14) 16... Qd7 $2 {[#]} (16... Qd8 17. Nxb6 axb6) 17. Nxb6 {White is clearly winning.} axb6 18. Rfd1 Qc8 19. Qe5 Bc6 20. Nd4 {[#] Threatens to win with Nf5.} Na6 21. Nf5 {Precision: White = 92%, Black = 11%.} 1-0